Man's food unveiled : (Record no. 163706)

MARC details
000 -LEADER
fixed length control field 00627nam a2200181 4500
005 - DATE AND TIME OF LATEST TRANSACTION
control field 20190426120451.0
010 ## - LCCN (DPL NO)
LC control number ENG125089
020 ## - INTERNATIONAL STANDARD BOOK NUMBER
International Standard Book Number 9788179663752
Terms of availability 180.00
035 ## - SYSTEM CONTROL NUMBER
System control number EN-108621
037 ## - SOURCE OF ACQUISITION
Source of stock number/acquisition DBAD/PUB
082 ## - DEWEY DECIMAL CLASSIFICATION NUMBER
Classification number 641.3
100 ## - MAIN ENTRY--PERSONAL NAME
Personal name Pandurangam, M.K.
245 ## - TITLE STATEMENT
Title Man's food unveiled :
Remainder of title a research book on simple healthy living/
Statement of responsibility, etc by M.K. Pandurangam
260 ## - PUBLICATION, DISTRIBUTION, ETC. (IMPRINT)
Place of publication, distribution, etc Chennai
Name of publisher, distributor, etc Emerald Publisher
Date of publication, distribution, etc 2013
270 ## - ADDRESS
Address 15A, First Floor, Casa Major Road
City Egmore, Chennai
Postal code 600008
Telephone number 91-44-28193206, 42146994
Electronic mail address info@emeraldpublishers.com
300 ## - PHYSICAL DESCRIPTION
Extent 241p.
Dimensions 22cm(pbk)
942 ## - ADDED ENTRY ELEMENTS (KOHA)
Source of classification or shelving scheme Dewey Decimal Classification
Item type English Books
Classification part 641.0
Call number suffix PAN
Holdings
Withdrawn status Lost status Not for loan Collection code Home library Current library Date acquired Source of acquisition Cost, normal purchase price Full call number Barcode Copy number Cost, replacement price Koha item type
    Not For Loan Non-fiction D.B.Act.Division Ashok Vihar 26/04/2019 DBAD/PUB 180.00 641.0 PAN EN-108621 1 180.00 English Books

© Delhi Public Library
Hit Counter
free hit counter